00542nam a2200181Ia 450000500170000000800410001704000190005804100120007708200150008924500880010426000400019230000340023250400190026665000140028565100270029970000240032685000100035020221021114344.0131103s9999 xx 000 0 und d aLoreto College aEnglish a155.4bCRO aReadings in child and adolescent psychologycedited by Laster D.Crow and Alice Crow aNew YorkbDavid Mckay Companyc1961 axii,592 p.b ill.,fig.,tables aIncludes index aEducation aEducational Psychology aCrow, Laster D.,ed. aLCLIB